FIFA World Cup Champions - Sudden Death - Statistics

General Stats
  • This quiz has been taken 67 times
  • The average score is 7 of 8
Answers on the Grid
Answers color-coded by a green-red scale on the quiz's grid according to % correct below.
Brazil
Germany
Italy
Argentina
France
Uruguay
Spain
England
Portugal
Netherlands
Belgium
Russia/Soviet Union
United States
Chile
Mexico
Turkey
Hungary
Greece
Austria
South Korea
 
Answer Stats
Answer % Correct
Brazil
93%
France
93%
England
90%
Germany
90%
Argentina
88%
Spain
88%
Italy
86%
Uruguay
80%
No matching quizzes found
Score Distribution
Percent of People with Each Score
Percentile by Number Answered
Your Score History
You have not taken this quiz